| 000 | 00700nam a22001937a 4500 | ||
|---|---|---|---|
| 999 |
_c10974 _d10974 |
||
| 003 | AR-CdUCM | ||
| 008 | 190402b ||||| |||| 00| 0 spa d | ||
| 040 |
_aMUNICIPALIDAD PROVINCIAL DEL CUSCO _cBIBLIOTECA MUNICIPAL DEL CUSCO |
||
| 082 |
_aEP / 372.41 / _bG91 |
||
| 110 |
_aMinisterio de educación _97870 |
||
| 245 |
_aGuia Metodologica II : _bArea de Desarrollo logico - matematico _bArea de comunicacion integral: lectura / |
||
| 260 |
_aLima : _bBernard va leer, _c1995 |
||
| 300 |
_a93 paginas ; _bilustraciones, graficos, dibujos, _c30 cm. |
||
| 500 | _aEducación Basica | ||
| 650 |
_aEducación basica _928064 |
||
| 650 |
_aTexto educativo _925832 |
||
| 942 |
_2ddc _cLIBROS |
||
| 945 | _apjha | ||